| 000 | 00959nam0a22002651 4500 | ||
|---|---|---|---|
| 001 | rc\4776583 | ||
| 005 | 20130417101937.7 | ||
| 021 |
_aRU _b[61-30283] |
||
| 035 | _a(NLR Aleph) 009026171 | ||
| 090 |
_a9459577 _c9459577 |
||
| 100 | _a20130417d1961 |||y0rusy50 ca | ||
| 101 | 0 | _arus | |
| 102 | _aRU | ||
| 105 | _ay z ||||| | ||
| 200 | 1 |
_aЕдиным строем _e[Туапсин. нефтезавод] |
|
| 210 |
_aКраснодар _cКн. изд-во _d1961 |
||
| 215 |
_a25 с. _d20 |
||
| 225 | 1 | _aРассказывают пионеры будущего | |
| 606 |
_aБригады, ударники и коллективы коммунистического труда в нефтеперерабатывающей промышленности _2psbo |
||
| 700 | 1 |
_aОсокин _bГ. А. _gГригорий Алексеевич |
|
| 801 | 0 |
_aRU _bNLR _gpsbo |
|
| 801 | 1 |
_aRU _bELAR _2rusmarc |
|
| 852 |
_aNLR _j61-4/6792 |
||
| 942 | _cBOOK | ||
| 980 | _aNB | ||